00365nam a22001457a 4500003000700000005001700007008004100024082001700065100001100082245001900093260004300112300000800155490003900163650001700202MPLRDC20220104143724.0210129b ||||| |||| 00| 0 eng d a868.71 DY-3  a丁云 a焚给泥土c ab马来西亚华文作家协会c1991 b平 a九十年代马华文学丛书. 23 a马华文学